书目信息 |
| 题名: |
中国古典建筑文化探源
|
|
| 作者: | 王鲁民 著 | |
| 分册: | ||
| 出版信息: | 上海 同济大学出版社 1997.12 |
|
| 页数: | 144页 | |
| 开本: | 16开 | |
| 丛书名: | ||
| 单 册: | ||
| 中图分类: | ||
| 科图分类: | ||
| 主题词: | 建筑学--关系 | |
| 电子资源: | ||
| ISBN: | 7-5608-1808-0 | |
| 000 | 00583nam0 2200205 45 | |
| 001 | 9909151132 | |
| 005 | 20000915152843.0 | |
| 010 | @a7-5608-1808-0@d18.00元 | |
| 100 | @a19990915d1997 km y0chiy0120 ea | |
| 101 | @achi | |
| 105 | @a z 000yy | |
| 200 | 1 | @a中国古典建筑文化探源@AZhong Guo Gu Dian Jian ZhuWen Hua Tan Yuan@f王鲁民著@FWang Lu Min Zhu |
| 210 | @a上海@c同济大学出版社@d1997.12 | |
| 215 | @a144页@d16开 | |
| 606 | 0 | @a建筑学@x关系 |
| 690 | @v3 | |
| 690 | @aTU-05@v3 | |
| 701 | @a王鲁民@4著 | |
| 801 | @aCN@bPFTUser@c19990915 | |
| 905 | @dTU-05@eW531@b143319-328@f10 | |
| 中国古典建筑文化探源/王鲁民著.-上海:同济大学出版社,1997.12 |
| 144页;16开 |
| ISBN 7-5608-1808-0:18.00元 |
| ● |
| 相关链接 |
|
|
|
正题名:中国古典建筑文化探源
索取号:TU-05/W531
 
预约/预借
| 序号 | 登录号 | 条形码 | 馆藏地/架位号 | 状态 | 备注 |
| 1 | 143319 | 201433190 | 建筑与城市规划学院资料室/101建筑库 101排2列2层/ [索取号:TU-05/W531] | 在馆 | |
| 2 | 143320 | 201433207 | 建筑库101/101建筑库 3排3列5层/ [索取号:TU-05/W531] | 在馆 | |
| 3 | 143321 | 201433216 | 建筑库101/101建筑库 3排3列5层/ [索取号:TU-05/W531] | 在馆 | |
| 4 | 143322 | 201433225 | 建筑库101/101建筑库 3排3列5层/ [索取号:TU-05/W531] | 在馆 | |
| 5 | 143323 | 201433234 | 建筑库101/101建筑库 3排3列5层/ [索取号:TU-05/W531] | 在馆 | |
| 6 | 143324 | 201433243 | 建筑与城市规划学院资料室/101建筑库 101排2列2层/ [索取号:TU-05/W531] | 在馆 | |
| 7 | 143325 | 201433252 | 自科二线404/404自科库 5排6列2层/ [索取号:TU-05/W531] | 在馆 | |
| 8 | 143326 | 201433261 | 自科二线404/404自科库 5排6列2层/ [索取号:TU-05/W531] | 在馆 | |
| 9 | 143327 | 201433270 | 自科二线404/404自科库 5排6列2层/ [索取号:TU-05/W531] | 在馆 | |
| 10 | 143328 | 201433289 | 建筑库101/101建筑库 3排3列5层/ [索取号:TU-05/W531] | 在馆 |